000 00464nam a2200133Ia 4500
008 190228s9999 xx 000 0 und d
020 _a9781119440659
100 _aMolinaro, Vince.
245 _cVince Molinaro.--
_aThe Leadership contract field guide :
_bthe personal roadmap to becoming a truly accountable leader /
260 _aNew Jersey :
_bJohn Willey & Sons
_c2018
300 _avii, 248 pages.
650 _aLeardership.
650 _aOrganizational change.
999 _c361302
_d361302